000 02362cam a2200277 4500500
005 20260208005236.0
041 _afre
042 _adc
100 1 0 _aNaquet, Emmanuel
_eauthor
245 0 0 _aL'historiographie récente de l'affaire Dreyfus (2005-2006)
260 _c2007.
500 _a99
520 _aRÉSUMÉ En France, le face-à-face entre l’histoire politique et l’histoire culturelle a été stimulant, débouchant sur une imprégnation des problématiques culturelles dans la recherche sur l’histoire politique contemporaine, avec l’émergence d’un champ qui pourrait être caractérisé comme une « histoire culturelle du politique ». Cet article se propose d’en faire un bref état des lieux, avant d’évaluer ce que ces nouvelles orientations ont apporté à nos connaissances : notamment, une meilleure compréhension du poids de la sensibilité, et du caractère complexe des identités collectives. L’histoire culturelle a également permis de rendre une densité diachronique à une histoire politique qui, en France, est trop souvent captive de l’événementialisme.
520 _aABSTRACT In France the encounter between political history and cultural history has been mutually enriching, giving rise to an impregnation of cultural problematics in research on contemporary political history, with the emergence of a field which may be characterized as the « cultural history of the political ». This article will offer a brief overview of this field, before appraising its contributions to our scientific understanding of contemporary French history : in particular, a better appreciation of the role of sensibility, and of the complex character of collective identities. Cultural history has also helped to restore a diachronic density to a political history which in France is too often beholden to the study of the immediate past.
690 _aAffaire Dreyfus
690 _aculture politique
690 _adroits de l'Homme
690 _aHuman Rights.
690 _aIntellectuals
690 _aintellectuels
690 _aJustice
690 _aKey words : Dreyfus affair
690 _aPolitical Culture
786 0 _nRevue historique | 642 | 2 | 2007-06-01 | p. 369-378 | 0035-3264
856 4 1 _uhttps://shs.cairn.info/revue-historique-2007-2-page-369?lang=fr&redirect-ssocas=7080
999 _c1651241
_d1651241